Statistics for NBA Coach of the Year Winners

Click here to take the quiz!

General Stats

  • This quiz has been taken 105 times
    (86 since last reset)
  • The average score is 21 of 55

Answer Stats

YearTeamCoach% Correct
1967BullsJohnny Kerr
98%
2014SpursGregg Popovich
98%
2016WarriorsSteve Kerr
98%
2012SpursGregg Popovich
98%
2003SpursGregg Popovich
98%
2017RocketsMike D'Antoni
90%
2005SunsMike D'Antoni
90%
1996BullsPhil Jackson
88%
1993KnicksPat Riley
68%
1997HeatPat Riley
68%
1990LakersPat Riley
68%
2015HawksMike Budenholzer
66%
2004GrizzliesHubie Brown
66%
2011BullsTom Thibodeau
66%
200176ersLarry Brown
66%
1978HawksHubie Brown
66%
2009CavaliersMike Brown
66%
2013NuggetsGeorge Karl
64%
1998PacersLarry Bird
56%
2010ThunderScott Brooks
52%
2002PistonsRick Carlisle
52%
1965CelticsRed Auerbach
46%
1994HawksLenny Wilkens
42%
1975KingsPhil Johnson
38%
2006MavericksAvery Johnson
38%
1985BucksDon Nelson
36%
1992WarriorsDon Nelson
36%
1983BucksDon Nelson
36%
2000MagicDoc Rivers
30%
1976JazzBill Fitch
18%
1980CelticsBill Fitch
18%
1973CelticsTom Heinsohn
18%
1999Trail BlazersMike Dunleavy
16%
1970KnicksRed Holzman
14%
1979KingsCotton Fitzsimmons
14%
2008HornetsByron Scott
14%
1974PistonsRay Scott
14%
1989SunsCotton Fitzsimmons
14%
1986HawksMike Fratello
10%
1982BulletsGene Shue
10%
1969BulletsGene Shue
10%
1995LakersDel Harris
10%
2007RaptorsSam Mitchell
8%
1971BullsDick Motta
8%
196676ersDolph Schayes
6%
1963HawksHarry Gallatin
6%
1991RocketsDon Chaney
6%
1972LakersBill Sharman
6%
1977RocketsTom Nissalke
4%
1981PacersJack McKinney
4%
1968HawksRichie Guerin
4%
1987Trail BlazersMike Schuler
4%
1988NuggetsDoug Moe
4%
1964WarriorsAlex Hannum
4%
1984JazzFrank Layden
4%

Score Distribution

Percentile by Number Answered

Percent of People with Each Score

Your Score History

You have not taken this quiz since the last reset